Revenue law in Singapore and Malaysia : cases and commentary

Bibliographic Details
Main Author: Pointon, Leo D.
Format: Book
Published: Singapore : Butterworths , 1986
Subjects:

MARC

LEADER 00000cam a2200000 7i4500
001 0000009230
005 20161123.0
020 |a 0409995266 
040 |a INS 
090 0 0 |a KPG2790   |b P65 1986 
100 0 |a Pointon, Leo D. 
245 1 0 |a Revenue law in Singapore and Malaysia :   |b cases and commentary   |c Leo D. Pointon 
260 |a Singapore :   |b Butterworths ,   |c 1986 
300 |a 281p ;   |c 24cm. 
650 0 0 |a Revenue   |x Law and legislation   |z Malaysia 
650 0 0 |a Revenue   |x Law and legislation   |z Singapore 
999 |a 0000022581   |b BOOK   |c Open Shelf   |e Default branch